00581nam a2200193Ia 4500008004100000020001800041041000800059082001900067100001900086245005100105250000800156260004200164300000800206365001400214650002800228942001200256999001900268952010000287140306s9999 xx 000 0 und d a9788183873710 aeng a658.15bARU/FI aArunachalam, P aFinancial Business Intelligence and management a1st aNew DelhibSerials Publicationsc2010 a322 bRs.1100/- aGlobal Financial Crisis 2ddccBK c188399d188399 00102ddc4070aKAUCBVbKAUCBVg1100.00l0o658.15 ARU/FIr2014-03-22 00:00:00w2014-03-22yBK